<?xml version="1.0" encoding="UTF-8"?>
<record
    xmlns:xsi="http://www.w3.org/2001/XMLSchema-instance"
    xsi:schemaLocation="http://www.loc.gov/MARC21/slim http://www.loc.gov/standards/marcxml/schema/MARC21slim.xsd"
    xmlns="http://www.loc.gov/MARC21/slim">

  <leader>00457nam a22001697a 4500</leader>
  <controlfield tag="005">20240822053443.0</controlfield>
  <controlfield tag="008">240822b        |||||||| |||| 00| 0 eng d</controlfield>
  <datafield tag="040" ind1=" " ind2=" ">
    <subfield code="c">  </subfield>
  </datafield>
  <datafield tag="245" ind1=" " ind2=" ">
    <subfield code="a">SIKSHAR DARSHANIK ARU SAMAJTATTIK BHITTI</subfield>
  </datafield>
  <datafield tag="250" ind1=" " ind2=" ">
    <subfield code="a">1ST</subfield>
  </datafield>
  <datafield tag="260" ind1=" " ind2=" ">
    <subfield code="b">SARASWATI PRAKASHAN, GOLAGHAT</subfield>
    <subfield code="c">2024</subfield>
  </datafield>
  <datafield tag="300" ind1=" " ind2=" ">
    <subfield code="a">252:P</subfield>
  </datafield>
  <datafield tag="700" ind1=" " ind2=" ">
    <subfield code="a">BARUAH, DR. JAHNABEE LAHKAR</subfield>
    <subfield code="9">79</subfield>
  </datafield>
  <datafield tag="700" ind1=" " ind2=" ">
    <subfield code="a">KALITA, DR. UTPAL</subfield>
    <subfield code="9">80</subfield>
  </datafield>
  <datafield tag="700" ind1=" " ind2=" ">
    <subfield code="a">BORAH, DR. SWAPNALI</subfield>
    <subfield code="9">81</subfield>
  </datafield>
  <datafield tag="942" ind1=" " ind2=" ">
    <subfield code="2">ddc</subfield>
    <subfield code="c">BK</subfield>
  </datafield>
  <datafield tag="999" ind1=" " ind2=" ">
    <subfield code="c">30872</subfield>
    <subfield code="d">30872</subfield>
  </datafield>
  <datafield tag="952" ind1=" " ind2=" ">
    <subfield code="0">0</subfield>
    <subfield code="1">0</subfield>
    <subfield code="2">ddc</subfield>
    <subfield code="4">0</subfield>
    <subfield code="7">0</subfield>
    <subfield code="8">TBEDU</subfield>
    <subfield code="a">MAIN</subfield>
    <subfield code="b">MAIN</subfield>
    <subfield code="c">ED#</subfield>
    <subfield code="d">2024-08-16</subfield>
    <subfield code="l">6</subfield>
    <subfield code="o">370 BAR</subfield>
    <subfield code="p">49408</subfield>
    <subfield code="r">2026-03-24 08:40:05</subfield>
    <subfield code="s">2026-03-11</subfield>
    <subfield code="w">2024-08-22</subfield>
    <subfield code="y">BK</subfield>
    <subfield code="z">V</subfield>
  </datafield>
  <datafield tag="952" ind1=" " ind2=" ">
    <subfield code="0">0</subfield>
    <subfield code="1">0</subfield>
    <subfield code="2">ddc</subfield>
    <subfield code="4">0</subfield>
    <subfield code="7">0</subfield>
    <subfield code="8">TBEDU</subfield>
    <subfield code="a">MAIN</subfield>
    <subfield code="b">MAIN</subfield>
    <subfield code="c">ED#</subfield>
    <subfield code="d">2024-08-16</subfield>
    <subfield code="l">5</subfield>
    <subfield code="o">370 BAR</subfield>
    <subfield code="p">49409</subfield>
    <subfield code="r">2025-12-11 07:31:47</subfield>
    <subfield code="s">2025-06-24</subfield>
    <subfield code="w">2024-08-22</subfield>
    <subfield code="y">BK</subfield>
    <subfield code="z">V</subfield>
  </datafield>
  <datafield tag="952" ind1=" " ind2=" ">
    <subfield code="0">0</subfield>
    <subfield code="1">0</subfield>
    <subfield code="2">ddc</subfield>
    <subfield code="4">0</subfield>
    <subfield code="7">0</subfield>
    <subfield code="8">TBEDU</subfield>
    <subfield code="a">MAIN</subfield>
    <subfield code="b">MAIN</subfield>
    <subfield code="c">ED#</subfield>
    <subfield code="d">2024-08-16</subfield>
    <subfield code="l">7</subfield>
    <subfield code="o">370 BAR</subfield>
    <subfield code="p">49410</subfield>
    <subfield code="r">2026-03-24 08:39:28</subfield>
    <subfield code="s">2026-03-11</subfield>
    <subfield code="w">2024-08-22</subfield>
    <subfield code="y">BK</subfield>
    <subfield code="z">V</subfield>
  </datafield>
</record>
